000 00561nam a2200205Ia 4500
005 20250326142258.0
008 250326s9999 xx 000 0 und d
020 _a0-13-737396-1
037 _aTextbook
040 _aFMSL
_beng
_cFMSL
041 _aeng
_2eng
084 _aX:8(V8) M9
_qFMSL
100 _aHenry N
_9121039
245 0 _aPublic administration and public affairs.
_cHenry N
250 _a4
260 _aEnglewood
_bEnglewood, Prentice-Hall
_c1989
300 _axi,433
942 _cTB
_hX:8(V8) M9
999 _c1294268
_d1294268